[Event "Olympiad-33"]
[Site "Elista"]
[Date "1998.09.29"]
[Round "1.1"]
[White "Ivanchuk, Vassily"]
[Black "Isaev, Jamshed"]
[Result "1-0"]
[WhiteElo "2730"]
[BlackElo "2440"]
[Annotator "Ftacnik,L"]
[PlyCount "63"]
[EventDate "1998.09.29"]
[EventType "team-swiss"]
[EventRounds "13"]
[EventCountry "RUS"]
[SourceTitle "CBM 068"]
[Source "ChessBase"]
[SourceDate "1999.02.01"]
[SourceVersion "1"]
[SourceVersionDate "1999.02.01"]
[SourceQuality "1"]
[WhiteTeam "Ukraine"]
[BlackTeam "Tajikistan"]
[WhiteTeamCountry "UKR"]
[BlackTeamCountry "TJK"]

1. d4 Nf6 2. c4 g6 3. Nc3 d5 4. cxd5 Nxd5 5. Bd2 Bg7 6. e4 Nb6 7. Be3 O-O 8.
Be2 Nc6 9. Nf3 e5 (9... Bg4 10. d5 (10. e5 $5) 10... Bxf3 11. gxf3 Na5 (11...
Ne5 12. Qb3 (12. Bd4 e6 13. f4 Ned7 14. Bxg7 Kxg7 15. Qd4+ Qf6 16. O-O-O exd5
17. Nxd5 (17. exd5 Qxd4 18. Rxd4 Nf6 19. Bf3 Rad8 20. Rhd1 Rd6 21. Na4 $1 $132)
17... Nxd5 18. exd5 Rad8 {0-1 Tyrtania,M-Lagunow,A/Berliner Sommer/1994/ (29)})
12... c6 13. O-O-O cxd5 14. Nxd5 Nxd5 15. Rxd5 Qc7+ 16. Kb1 Nc6 17. f4 $13 e5
18. fxe5 Bxe5 19. h4 Rfd8 20. Bc4 $1 b5 $1 {1/2-1/2 Kortschnoj,V-Svidler,P/Bad
Homburg 1998/ (33)}) 12. Bd4 e5 (12... Qd6 13. Nb5 Qb4+ 14. Qd2 Qxd2+ 15. Kxd2
c6 16. Bxg7 Kxg7 17. dxc6 Nxc6 18. Rhd1 f5 19. Ke1 Rac8 20. Nd4 {Shabtai,
R-Jansa,V/Gausdal Int/1995/1-0 (69)}) 13. Bc5 Re8 14. Bb5 c6 15. dxc6 bxc6 16.
Ba6 Bf8 17. Bxf8 Rxf8 18. Qxd8 Raxd8 19. Rd1 Rd4 20. Ke2 Rfd8 21. b3 {1-0
Soppe,G-Malisauskas,V/Erevan/1996/ (74)}) 10. d5 Ne7 11. Bc5 (11. Qb3 c6 12.
Rd1 cxd5 13. exd5 Nf5 14. Bc5 $14) 11... Bg4 12. Qb3 Re8 (12... c6 $2 13. d6
Nec8 14. d7 Ne7 15. Qa3 Bf6 16. Nxe5 Bxe2 17. Nxe2 Nxd7 18. O-O-O Bxe5 19. Bxe7
$18) 13. h4 Nec8 (13... Nd7 14. Be3 $14) (13... c6 14. d6 Nec8 15. Rd1 Qd7 16.
Ng5 $14) 14. Bb5 $1 Bd7 (14... Nd7 15. Bxd7 Qxd7 16. Qxb7 Nd6 17. Qc6 $16) 15.
Bxd7 Qxd7 16. Qb5 $5 {[%mdl 32] Ivanchuk would like to give the game
strategical character. Opening of the h file and strong d5 pawn promise him
solid advantage.} f5 (16... c6 17. dxc6 bxc6 18. Qe2 $14) 17. Ng5 fxe4 (17...
a6 18. Qb3 $14) 18. Bxb6 $1 Nxb6 (18... Qxb5 $2 19. Nxb5 cxb6 20. Nc7 $18) 19.
Qxd7 Nxd7 20. Ngxe4 Nb6 (20... Nf6 21. O-O-O Nxe4 22. Nxe4 $14) 21. h5 Rad8 22.
O-O-O Rf8 23. Kc2 (23. Rh3 $5) 23... Rf4 24. Kb3 Bf8 {The bishop was hitting
his own blocaded e5 pawn and black lack's any counterplay.} 25. hxg6 hxg6 26.
f3 (26. Rh3 $5 a5) 26... Rf5 (26... a5 27. Rh3 a4+ 28. Kc2 (28. Nxa4 Rxd5 29.
Nac3 Rxd1 30. Nxd1 $14) 28... Nc4 29. Rdh1 $1 Ne3+ 30. Kd2 Nxd5 31. Rh8+ Kf7
32. Ng5+ Ke7 (32... Ke8 33. Ne6 Nxc3+ 34. Nxd8 $16) 33. R1h7+ Ke8 34. Nxd5
Rxd5+ 35. Ke3 Rd7 36. Ne6 Rxh7 37. Rxh7 Rf7 38. Nxc7+ Ke7 39. Nd5+ $16) 27. Rh3
{The play along h file is pretty unpleasant for black.} Kf7 $2 (27... a5 28.
Rdh1 Bg7 29. Nc5 Nxd5 30. Ne6 $1 (30. Nxb7 Rb8 31. Nxd5 Rxb7+ 32. Kc2 c6 33.
Ne3 Rf4 34. b3 e4 35. Nc4 $14) 30... Rd6 31. Nxg7 Kxg7 32. Rh7+ Kf8 33. Nxd5
Rxd5 34. Rxc7 $16) 28. Rh7+ Bg7 (28... Kg8 29. Rxc7 $18) 29. g4 Rf4 30. Ng5+
Kg8 (30... Kf6 31. Nce4+ $18) 31. Rxg7+ $1 Kxg7 32. Ne6+ (32. Ne6+ Kf6 33. Nxd8
$18) 1-0

[Event "Olympiad-33"]
[Site "Elista"]
[Date "1998.10.04"]
[Round "6.1"]
[White "Ivanchuk, Vassily"]
[Black "Kasimdzhanov, Rustam"]
[Result "1/2-1/2"]
[WhiteElo "2730"]
[BlackElo "2570"]
[Annotator "Hecht,H"]
[PlyCount "110"]
[EventDate "1998.09.29"]
[EventType "team-swiss"]
[EventRounds "13"]
[EventCountry "RUS"]
[SourceTitle "CBM 068"]
[Source "ChessBase"]
[SourceDate "1999.02.01"]
[SourceVersion "1"]
[SourceVersionDate "1999.02.01"]
[SourceQuality "1"]
[WhiteTeam "Ukraine"]
[BlackTeam "Uzbekistan"]
[WhiteTeamCountry "UKR"]
[BlackTeamCountry "UZB"]

1. e4 e5 2. Nf3 Nf6 3. d4 Nxe4 4. dxe5 d5 5. Nbd2 Nc5 6. Nb3 Nxb3 7. axb3 Be7
8. Bd3 Nd7 9. c3 Nc5 10. Bc2 Bg4 11. b4 Ne6 12. Qd3 Qd7 13. O-O g6 14. Bh6 Bf5
15. Qe2 Bxc2 16. Qxc2 Bf8 17. Qd2 Bxh6 18. Qxh6 a6 19. Rfd1 Rd8 20. h4 Qe7 21.
Nh2 Qf8 22. Qe3 Qe7 23. Qa7 c6 24. Ng4 h5 25. Nf6+ Kf8 26. Qb6 Kg7 27. Rd2 Nf8
28. Rad1 Rb8 29. Qd4 Ne6 30. Qe3 Rbd8 31. f4 Kf8 32. Qf2 Ng7 33. c4 Qxb4 34.
cxd5 cxd5 35. Nxd5 Qc4 36. Qb6 Ne6 37. Qxb7 Kg7 38. Kh2 Rxd5 39. Qxd5 Qxf4+ 40.
g3 Qb4 41. Qf3 Rf8 42. Rf2 Qb5 43. Qf6+ Kg8 44. Rd6 Qc4 45. Rxe6 Qxe6 46. Qxe6
fxe6 47. Rxf8+ Kxf8 {[#] Hauptmotiv dieses Endspiels ist der Zugzwang; daneben
spielt die Tempofrage eine wichtige Rolle.} 48. Kg2 a5 (48... Ke7 49. Kf3 Kd7
50. Kf4 Kc6 51. Kg5 Kd5 52. Kf6 a5 53. b3 $22 Kd4 54. Kxe6 Kc3 55. Kf7 Kxb3 56.
e6 $18 {Daraus folgt, daß Schwarz seinen König auf f7/g7 halten muß, um
einerseits den Einbruch des weißen Königs dort zu vereiteln und um
andererseits eben dort mit g5 durchbrechen zu können. Der inzwischen in
Diensten von Solingen stehende Kasimdzhasnov verteidigt sich freilich
bestmöglich.}) 49. Kf3 Kf7 50. Ke4 g5 $1 {Sehr richtig! Zu vermeiden war Ke7/
g7:} (50... Ke7 $2 51. Kf4 Kf7 52. Kg5 Kg7 53. b3 $22 $18) 51. Kd4 Kg6 52. Kc5
gxh4 53. gxh4 Kf5 54. Kb5 (54. Kd6 $2 a4 $22) 54... Kxe5 55. Kxa5 Kd4 (55...
Kd4 56. b4 e5 57. b5 e4 58. b6 e3 59. b7 e2 60. b8=Q e1=Q+ 61. Qb4+ Qxb4+ 62.
Kxb4 Ke4 63. Kc4 $11) 1/2-1/2

[Event "Olympiad-33"]
[Site "Elista"]
[Date "1998.10.10"]
[Round "11.1"]
[White "Nikolic, Predrag"]
[Black "Ivanchuk, Vassily"]
[Result "0-1"]
[WhiteElo "2640"]
[BlackElo "2730"]
[Annotator "Stohl,I"]
[PlyCount "124"]
[EventDate "1998.09.29"]
[EventType "team-swiss"]
[EventRounds "13"]
[EventCountry "RUS"]
[SourceTitle "CBM 068"]
[Source "ChessBase"]
[SourceDate "1999.02.01"]
[SourceVersion "1"]
[SourceVersionDate "1999.02.01"]
[SourceQuality "1"]
[WhiteTeam "Bosnia&Herzegovina"]
[BlackTeam "Ukraine"]
[WhiteTeamCountry "BIH"]
[BlackTeamCountry "UKR"]

1. d4 Nf6 2. c4 c5 3. d5 b5 4. cxb5 a6 5. bxa6 (5. e3 g6 6. Nc3 Bg7 {-A57})
5... g6 (5... Bxa6 {is the normal move.}) 6. e3 $5 Bg7 7. Nc3 {A rather
unusual transposition. If White plays 5.e3 g6 6.Nc3 Bg7, he mostly strives to
maintain the outpost on b5 with moves like 7.a4, or he plays 7.Nf3. Ivanchuk
shows quite a convincing reaction for Black.} Qa5 $1 {Getting the Q to an
active outpost. The following practical examples show the importance of the
a6-f1/^ even if the Q get off the board.} (7... O-O 8. Nf3 Qa5 (8... d6 9. e4
Qa5 10. Nd2 Bxa6 11. Bxa6 Qxa6 12. Qe2 Nfd7 13. Nc4 f5 14. f3 fxe4 15. fxe4 Nb6
16. Nxb6 Qxb6 17. Rf1 Nd7 18. Rxf8+ Rxf8 19. Be3 Rb8 20. Nd1 Ne5 21. Kf1 Qb4
22. Bd2 Rf8+ 23. Kg1 Qd4+ 24. Be3 Qxe4 25. Nc3 Qc4 $17 {Kaufman,L-Benko,P/
Aspen/1968/}) 9. Bd2 Bxa6 10. Be2 (10. Bxa6 Qxa6 11. Qe2 d6 12. Qxa6 Nxa6 13.
O-O Rfb8 14. Rab1 Nb4 15. a4 Nfxd5 16. Nxd5 Nxd5 $17 {0-1 Degli Esposti,
P-Malbran,G/Buenos Aires/1995/}) 10... Bxe2 11. Qxe2 Qa6 $5 12. e4 d6 13. Bg5
h6 14. Bf4 Nfd7 15. Nd2 Qxe2+ 16. Kxe2 f5 17. h3 fxe4 18. Be3 Na6 19. Ndxe4 Nb6
20. Rhd1 Rfb8 21. Rab1 Nb4 22. a3 Nc2 23. Kd3 Nd4 24. Nd2 Nd7 25. Nc4 Rb3 $44 {
Holland,C-Hebden,M/London/1987/}) (7... Bxa6 $143 {After this move positions
similar to the A59 line arise, only White doesn't have to lose time getting
his K to g2, (h2) as he can simply castle.} 8. Bxa6 Rxa6 (8... Nxa6 9. Nf3 O-O
10. e4 d6 11. O-O $14) 9. e4 d6 10. f4 $5 O-O 11. Nf3 $14 {[+]}) 8. Bd2 $8 O-O
$146 ({Approximately equivalent is} 8... Bxa6 9. Bxa6 Qxa6 10. Nge2 d6 (10...
O-O 11. e4 d6 12. Qc2 Qb7 $6 13. a4 Na6 14. Nb5 Rfc8 15. O-O Nb4 16. Qc4 Na6
17. Bc3 Nc7 18. Ra3 Qa6 19. Rd1 Nd7 20. Bxg7 Kxg7 21. Nec3 $14 {Kuligowski,
A-Hawelko,M/POL-ch/1987/}) 11. O-O Nbd7 12. Qc2 O-O 13. e4 Ne5 14. Rab1 Rfb8
15. h3 Qd3 16. Qxd3 Nxd3 17. b3 Nb4 18. a4 Nc2 19. Rfd1 Na3 20. Ra1 Nc2 $11 {
Baquero,L-Benjamin,J/USA op/1990/}) 9. Ne4 $6 {After this misguided sally
White will lag in development even further and his << will be even more
vulnerable.} (9. e4 d6 10. Nf3 Bxa6 $44) 9... Qb6 {[%csl Rb2]} 10. Qb3 (10.
Nxf6+ Bxf6 11. Bc3 (11. Rb1 Bxa6 $32 {->עe1}) 11... Bxc3+ 12. bxc3 Bxa6 $36)
10... Qxb3 11. Nxf6+ Bxf6 12. axb3 Bxa6 (12... Bxb2 $2 13. Ra2 Bg7 14. a7 $16)
13. Ne2 (13. Nf3 $2 Bxf1 14. Rxa8 Bxg2 $19) (13. Bxa6 Nxa6 $17 {><b2,b3,d5 and
White will never manage to get his >> pieces out without losing at least 2
pawns.}) 13... Bxb2 14. Ra2 Bg7 $36 15. Nc3 {Allows Black to transform his
advantage by a simplifying combination.} (15. Nf4 $142 e5 $5 16. dxe6 fxe6 $15)
15... Bxc3 $1 16. Bxc3 Bxf1 17. Rxa8 Bxg2 18. Rg1 Bxd5 19. Ra3 Nc6 20. Kd2 (20.
Rg5 f5 (20... e5 21. Rxe5 $5 (21. Bxe5 $2 h6 $19) 21... Nxe5 22. Bxe5 $15 {
_|_^-}) 21. h4 Rb8 22. h5 Kf7 $17) 20... f6 21. Rga1 Kf7 $17 {[%csl Rb3] After
a series of more or less forced moves Black has nearly decisive advantage-he
has two pawns for the exchange and while his structure is compact, White's
remaining pawns are weak. Especially b3 can't be held in the long run.} 22. Ra4
(22. Kc2 Rb8 $17 {[%cal Ye7e5,Yf6f5,Yd5e6,Yd7d4] /-+}) 22... Bxb3 23. Ra8 Rxa8
24. Rxa8 g5 {Now Black's pawns get somewhat stuck.} (24... d5 $142 $5 25. Ra6 (
25. Rc8 Ba4 26. Ra8 Bb5 $19) 25... Nd8 26. Ra5 Ne6 $17) 25. e4 $1 h5 26. Bb2 e5
27. Ke3 Be6 28. Rc8 c4 29. Ba3 Ne7 30. Rb8 (30. Rh8 Ng6 31. Rxh5 $2 Kg7 {
/\Nf4,Bg4-+ traps the R.}) 30... Ng6 31. Bd6 h4 32. Ra8 g4 33. Rc8 Nf4 34. Rb8
h3 35. Ra8 {This phase of the game shows signs of time-trouble, Black just
shuffles his pieces not to spoil the nearly winning position.} Nh5 (35... Ng2+
$142 $5 36. Ke2 Nh4 {/\Nf3,><h2} 37. Rf8+ Kg7 38. Be7 $2 Ng6 $19) 36. Rf8+ Kg7
37. Rb8 Kg6 38. Ra8 Kg5 39. Ra5 Kg6 40. Rb5 Kf7 41. Rb8 Kg7 42. Ra8 Kg6 43. Ra5
Nf4 {/\Ng2-h4-f3 Black finally returns to the right track.} 44. f3 $8 {White
is forced to abandon his passive tactics, but Black is already in full control
and masters the endgame nicely.} Ng2+ 45. Kf2 gxf3 46. Kxf3 Ne1+ 47. Ke2 Nc2
48. Rc5 Kg5 49. Kf3 Nd4+ 50. Ke3 Kg4 $1 {(.)} 51. Rc8 (51. Rc7 $2 Nb5 $19) (51.
Bc7 Nb3 $1 52. Rb5 c3 53. Kd3 c2 $1 54. Kxc2 Nd4+ $19) (51. Be7 f5 52. Rxe5 Nc6
$19) 51... f5 $1 $19 52. Bxe5 (52. Rc5 f4+ 53. Kf2 Nf3 (53... Nb3 $2 54. Rxe5
c3 55. Be7 $1 $40 f3 $2 56. Ke3 $1 $18) 54. Bxe5 Ng5 $19 (54... Nxh2 $5 $19)) (
52. exf5 $2 Nxf5+ $19) 52... d6 53. Bxd4 (53. Bxd6 Nc2+ (53... Bxc8 $2 54. Kxd4
$11) 54. Kd2 Bxc8 55. Kxc2 fxe4 56. Kd2 Kf3 57. Bc5 Ba6 $1 58. Bd4 e3+ $1 $19)
53... f4+ 54. Ke2 Bxc8 55. Bc3 Bb7 56. Bb4 Bxe4 57. Bxd6 Bd3+ (57... c3 $19)
58. Kd2 Kf3 59. Bc7 Bg6 60. Be5 Bf5 $22 61. Bd6 (61. Bf6 Kg2 $19) (61. Ke1 Ke3
$19) 61... c3+ $1 62. Kxc3 Ke3 (62... Ke3 63. Bc5+ Ke2 {/\f3-f2-+}) 0-1

[Event "Olympiad-33"]
[Site "Elista"]
[Date "1998.10.12"]
[Round "13.1"]
[White "Lputian, Smbat G"]
[Black "Ivanchuk, Vassily"]
[Result "0-1"]
[WhiteElo "2615"]
[BlackElo "2730"]
[Annotator "Ivanchuk,V"]
[PlyCount "68"]
[EventDate "1998.09.29"]
[EventType "team-swiss"]
[EventRounds "13"]
[EventCountry "RUS"]
[SourceTitle "CBM 068"]
[Source "ChessBase"]
[SourceDate "1999.02.01"]
[SourceVersion "1"]
[SourceVersionDate "1999.02.01"]
[SourceQuality "1"]
[WhiteTeam "Armenia"]
[BlackTeam "Ukraine"]
[WhiteTeamCountry "ARM"]
[BlackTeamCountry "UKR"]

{[%mdl 6146]} 1. d4 Nf6 2. c4 g6 3. Nc3 d5 4. Nf3 Bg7 5. Bf4 O-O 6. Rc1 dxc4 7.
e4 Bg4 8. Bxc4 Nh5 9. Be3 Bxf3 10. gxf3 e5 11. dxe5 Bxe5 12. Qxd8 Rxd8 13. b4
$6 $146 {It is a novelty,but probably not the best.The black squares d4 and f4
become too weak and white has no time to control them.But the situation in
last match Ukraine-Armenia needs Armenians play to win.} ({More solid was} 13.
O-O Nd7 14. Rfd1 Nb6 15. Bb3 Nf4 16. Kf1 c6 17. Rb1 Nd3 $11 {Novikov-Horvath,
Nova Gorica 1997}) 13... Nf4 $1 14. Nd5 (14. O-O Nc6 $1) 14... Ng2+ 15. Kf1 (
15. Ke2 {Leads to clear advantage for black after} c6 (15... Nc6 $2 16. Bg5 $1
Rd6 17. Kf1 $18) 16. Ne7+ Kf8 17. Bc5 Nf4+ 18. Ke3 Ke8 $17) 15... Nxe3+ 16.
fxe3 c6 17. f4 (17. Nf4 Bxf4 18. exf4 Rd2 19. Ke1 Rb2 $15) 17... cxd5 18. Bxd5
Nc6 19. fxe5 (19. Bxc6 bxc6 20. fxe5 Rd2 $17 {Occuping 2-nd horizontal}) 19...
Nxb4 (19... Nxe5 {was also possible,but to win this position is very hard}) 20.
Bb3 ({Another possibility were:} 20. Bxb7 Rab8 21. Rc7 Rd2) (20. e6 Nxd5 21.
exf7+ Kxf7 22. exd5 Rxd5 23. Rc7+ Ke6 $17 {in all cases clear better for black.
}) 20... Rd2 (20... Nd3 21. Rc7 Nxe5 (21... Rac8 22. Rxf7 ({Strongest is} 22.
Re7 $1 Nc5 23. Ke2 Nxb3 24. axb3 $132) 22... Nc5 $1 (22... Rf8 23. Ke2 Rxf7 24.
Kxd3) 23. Rf2+ Nxb3 24. axb3 Rc3 $17) 22. Re7 (22. Ke2 Rd7 23. Rxd7 Nxd7 24.
Rc1 $132) 22... Re8 23. Rxb7 Kf8 24. Ke2 Re7 25. Rxe7 Kxe7 26. Rc1 $15 {
with good chances for a draw}) 21. Rc7 Rf8 $1 {Not giving a countrplay after} (
21... Nd3 22. Bxf7+ Kh8 23. e6 $1) 22. Rg1 (22. Rxb7 Rc8 23. Ke1 Rb2 $19) 22...
Na6 (22... Rxh2 23. Rg2 $1) 23. Ke1 Rb2 $1 (23... Rxh2 24. Rxf7 Rxf7 25. Rf1
$132) ({Amasing variation:} 23... Rxa2 24. Rxf7 Ra1+ 25. Ke2 Rxg1 26. Rf1+ $1
$13) 24. Rc3 (24. Rxb7 Nc5 $1 25. Bxf7+ Rxf7 26. Rxb2 Nd3+ $19) 24... b6 $1 {
Take the control xc5,and black's advantage become decisive} 25. e6 Rb1+ 26. Kf2
fxe6+ 27. Kg2 Rxg1+ 28. Kxg1 Nc5 $19 29. Kg2 Kg7 30. Rc2 Kf6 31. Rf2+ Ke7 32.
Rc2 Kd6 33. Rd2+ Ke5 34. Bc2 Rf7 0-1

[Event "Gawlikowski Memorial 18th"]
[Site "Warsaw"]
[Date "1999.??.??"]
[Round "?"]
[White "Gdanski, Jacek"]
[Black "Ivanchuk, Vassily"]
[Result "1/2-1/2"]
[WhiteElo "2530"]
[BlackElo "2714"]
[PlyCount "80"]
[EventDate "1999.??.??"]
[EventType "tourn"]
[EventRounds "11"]
[EventCountry "POL"]
[SourceTitle "EXT 2002"]
[Source "ChessBase"]
[SourceDate "2001.11.25"]
[SourceVersion "1"]
[SourceVersionDate "2001.11.25"]
[SourceQuality "1"]

1. e4 c5 2. Nc3 Nc6 3. Nf3 e6 4. d4 cxd4 5. Nxd4 Qc7 6. g3 a6 7. Bg2 d6 8. O-O
Bd7 9. Re1 Be7 10. Nxc6 Bxc6 11. Qg4 h5 12. Qe2 h4 13. a4 hxg3 14. hxg3 Nf6 15.
a5 Rc8 16. Be3 Nd7 17. Bd4 Bf6 18. Bxf6 Nxf6 19. Nd5 Bxd5 20. exd5 e5 21. c3
Kf8 22. Ra4 g6 23. c4 Kg7 24. Rc1 Qc5 25. b4 Qd4 26. Ra2 e4 27. Rd2 Qe5 28. c5
Rc7 29. c6 Nxd5 30. Qxe4 Qxe4 31. Bxe4 Nxb4 32. Rxd6 bxc6 33. Bf3 Rb8 34. Be2
Re8 35. Kf1 Re5 36. Rd4 Rce7 37. Rxb4 Rxe2 38. Rxc6 Ra2 39. Rxa6 Re5 40. Ra7
Rexa5 1/2-1/2

[Event "Gawlikowski Memorial 18th"]
[Site "Warsaw"]
[Date "1999.??.??"]
[Round "?"]
[White "Ivanchuk, Vassily"]
[Black "Blatny, Pavel"]
[Result "1-0"]
[WhiteElo "2714"]
[BlackElo "2468"]
[PlyCount "73"]
[EventDate "1999.??.??"]
[EventType "tourn"]
[EventRounds "11"]
[EventCountry "POL"]
[SourceTitle "EXT 2002"]
[Source "ChessBase"]
[SourceDate "2001.11.25"]
[SourceVersion "1"]
[SourceVersionDate "2001.11.25"]
[SourceQuality "1"]

1. d4 Nf6 2. c4 e6 3. Nf3 d5 4. Nc3 Bb4 5. Bg5 h6 6. Bxf6 Qxf6 7. Qb3 c5 8.
cxd5 exd5 9. a3 Bxc3+ 10. Qxc3 b6 11. e3 O-O 12. dxc5 Qxc3+ 13. bxc3 bxc5 14.
c4 Be6 15. cxd5 Bxd5 16. O-O-O Be6 17. Bb5 Rc8 18. Rd6 a6 19. Ba4 Ra7 20. Rhd1
Rac7 21. Ne5 g5 22. f4 c4 23. g4 Rc5 24. Rd8+ Kg7 25. Rxc8 Bxc8 26. Rd8 Rc7 27.
f5 f6 28. Ng6 Bd7 29. Nf8 Rc8 30. Rxd7+ Nxd7 31. Ne6+ Kf7 32. Bxd7 Rb8 33. Nd4
c3 34. Be6+ Kf8 35. Bb3 Rc8 36. Kc2 Rc5 37. Ne6+ 1-0

[Event "Gawlikowski Memorial 18th"]
[Site "Warsaw"]
[Date "1999.??.??"]
[Round "?"]
[White "Ivanchuk, Vassily"]
[Black "Malaniuk, Vladimir P"]
[Result "1-0"]
[WhiteElo "2714"]
[BlackElo "2552"]
[PlyCount "49"]
[EventDate "1999.??.??"]
[EventType "tourn"]
[EventRounds "11"]
[EventCountry "POL"]
[SourceTitle "EXT 2002"]
[Source "ChessBase"]
[SourceDate "2001.11.25"]
[SourceVersion "1"]
[SourceVersionDate "2001.11.25"]
[SourceQuality "1"]

1. d4 Nf6 2. c4 d6 3. Nf3 Nbd7 4. g3 e5 5. Bg2 c6 6. Nc3 Be7 7. Qc2 O-O 8. O-O
Re8 9. b3 Qc7 10. Bb2 Bf8 11. Rac1 a6 12. Rfd1 b6 13. c5 Bb7 14. dxe5 dxe5 15.
cxb6 Nxb6 16. Ng5 h6 17. Nge4 Nxe4 18. Nxe4 Rad8 19. Rxd8 Rxd8 20. Nc5 Bxc5 21.
Qxc5 f6 22. Bc3 Nd7 23. Qe7 Bc8 24. Bxe5 fxe5 25. Rxc6 1-0

[Event "Gawlikowski Memorial 18th"]
[Site "Warsaw"]
[Date "1999.??.??"]
[Round "?"]
[White "Ivanchuk, Vassily"]
[Black "Urban, Klaudiusz"]
[Result "1-0"]
[WhiteElo "2714"]
[BlackElo "2444"]
[PlyCount "55"]
[EventDate "1999.??.??"]
[EventType "tourn"]
[EventRounds "11"]
[EventCountry "POL"]
[SourceTitle "EXT 2002"]
[Source "ChessBase"]
[SourceDate "2001.11.25"]
[SourceVersion "1"]
[SourceVersionDate "2001.11.25"]
[SourceQuality "1"]

1. e4 g6 2. d4 Bg7 3. c4 d6 4. Nc3 Nf6 5. Nf3 O-O 6. Be2 Nc6 7. d5 Nb4 8. Be3
Ng4 9. Bd4 e5 10. dxe6 fxe6 11. Bxg7 Kxg7 12. O-O e5 13. c5 dxc5 14. h3 Nf6 15.
Nxe5 Qxd1 16. Raxd1 Re8 17. f4 Be6 18. Bc4 Bxc4 19. Nxc4 Nxe4 20. Rd7+ Kh8 21.
Ne5 Nxc3 22. bxc3 Nc6 23. Nxc6 bxc6 24. f5 Red8 25. Rxc7 Rdc8 26. Rf7 Kg8 27.
fxg6 hxg6 28. R1f6 1-0

[Event "Hoogovens"]
[Site "Wijk aan Zee"]
[Date "1999.01.21"]
[Round "5"]
[White "Yermolinsky, Alex"]
[Black "Ivanchuk, Vassily"]
[Result "1/2-1/2"]
[WhiteElo "2597"]
[BlackElo "2714"]
[Annotator "Huzman,A"]
[PlyCount "110"]
[EventDate "1999.01.16"]
[EventType "tourn"]
[EventRounds "13"]
[EventCountry "NED"]
[EventCategory "17"]
[SourceTitle "CBM 069"]
[Source "ChessBase"]
[SourceDate "1999.04.01"]
[SourceVersion "1"]
[SourceVersionDate "1999.04.01"]
[SourceQuality "1"]

1. Nf3 Nf6 2. c4 g6 3. Nc3 Bg7 4. e4 d6 5. d4 O-O 6. Be2 e5 7. O-O Na6 8. Re1
c6 9. Rb1 exd4 10. Nxd4 Re8 11. Bf1 Ng4 12. h3 Qb6 13. hxg4 Qxd4 14. Qxd4 (14.
Qf3 Qe5 (14... Nc5 $2 15. Bf4 $1 Ne6 16. Rbd1 Qb6 17. Bxd6 Ng5 $2 18. Qg3 Bxc3
19. bxc3 Nxe4 20. Rxe4 Rxe4 21. Bc7 $1 Qb2 22. Rd8+ Kg7 23. g5 {1-0 Pinter,
J-Sinkovics,P/Magyarorszag 1990/Inf 51 (23)}) 15. Bf4 (15. g5 Nc5 16. g3 a5 17.
Qd1 Qe7 18. Na4 Bg4 19. Qxg4 Nxa4 20. Qd1 Nc5 21. Bg2 Qe6 22. Qc2 a4 23. Bd2
Bd4 24. Rbd1 Qe7 25. Bc1 Ne6 26. Kh2 Bg7 27. f4 Nd4 28. Qf2 c5 $11 {1/2-1/2
Sahovic,D-Damljanovic,B/YUG-Cup 1994 (66)}) 15... Qe7 16. Rbd1 Be5 17. g3 Nc5
18. Rd2 Ne6 19. Be3 Ng5 20. Qe2 Bxc3 21. bxc3 Nxe4 $17 {0-1 Lenz,T-Apicella,M/
Munich 1993/TD 92\11 (37)}) 14... Bxd4 15. Rd1 Be5 16. g5 (16. f3 f5 $1 17.
exf5 (17. gxf5 gxf5 $36) 17... gxf5 18. f4 Bxc3 19. bxc3 Nc5 $1 20. Rxd6 Ne4
21. Rd3 fxg4 $15) 16... Nc5 17. f3 a6 $1 $132 {[%cal Yb7b5]} 18. Ne2 $1 b5 19.
Nd4 {[%csl Rc6]} Bd7 20. Be3 (20. b4 $2 Na4 $1 (20... Ne6 21. Nb3 (21. Be3 Nxd4
22. Bxd4 Bf4 23. Bf6 Be6 24. Kf2 bxc4 25. g3 Be5 (25... c3 26. Bxc3 Bxg5 27.
Rxd6 Bxa2 28. Ra1 Be7 29. Rd7 (29. Rxc6 Rec8 30. Rxc8+ Rxc8 31. Bd2 $14 {
[%csl Ra6]})) 26. Bxe5 dxe5 27. Rdc1 a5 $11)) 21. Rb3 bxc4 22. Bxc4 d5 $1 23.
Bf1 (23. exd5 Bxd4+ 24. Rxd4 Re1+ 25. Kf2 Rxc1 $19) 23... dxe4 $15) 20... Na4 (
20... b4 $5) 21. Rd2 c5 22. Nb3 b4 (22... Rab8 $5) 23. Na5 (23. f4 Bxb2 24. e5
(24. Rbxb2 Nxb2 25. Rxb2 Rxe4 $17) (24. Rxd6 Rxe4 25. Nxc5 Rxe3 26. Nxd7 (26.
Nxa4 Bxa4 27. Rxb2 a5 $11) 26... a5 $132) 24... Bc3 25. Rxd6 Bf5 26. Rbd1 Bg4
27. Rc1 Red8 $132 28. Nxc5 $140 Nxc5 29. Bxc5 Bd2) (23. Nxc5 dxc5 (23... Nxc5
24. Bxc5 dxc5 25. Rxd7 Rad8 $11) 24. Rxd7 Bxb2 $15 {[%csl Ra2]}) 23... Rab8 24.
Kf2 {[%cal Gf3f4]} f6 25. f4 (25. gxf6 Re6 26. f4 Rxf6 27. Kg3 Bxb2 28. Rbxb2
Nxb2 29. Rxb2 Re8 (29... g5 30. f5 h6 31. Kf3 $16) 30. Kf3 (30. e5 dxe5 31.
Bxc5 Rxf4 (31... exf4+ 32. Kf2) 32. Be2 h5 $132)) 25... Bd4 26. Bxd4 cxd4 27.
Rxd4 fxg5 28. fxg5 (28. Rxd6 Nc5 $1) 28... Nc5 29. Re1 Re6 $44 {[%csl Re4,Rg2,
Rg5]} 30. Bd3 Rf8+ 31. Kg1 Rf5 $1 {[%cal Yf5a5,Yf5g5]} 32. Nb3 Kf8 (32... Nxb3
33. axb3 Rxg5 $2 34. c5 $1 Rxc5 35. Bc4 $18) (32... Rxg5 $5 33. Nxc5 Rxc5 34.
e5 $1 Bc6 $1 35. Rxd6 Kf7 36. Kf2 Rcxe5 37. Rxe5 Rxd6 $11) 33. exf5 Rxe1+ 34.
Kf2 Nxd3+ 35. Rxd3 Rb1 36. f6 (36. fxg6 Rxb2+ 37. Ke3 hxg6 38. Rxd6 Bf5 (38...
Ke7 39. Rxa6 Rxg2 40. Rxg6 $16) 39. Rxa6 Rxg2 $14) 36... Rxb2+ 37. Ke3 Rxa2 38.
Rxd6 Bf5 $1 39. Nd4 Rxg2 40. Nxf5 gxf5 41. Kf4 Rg4+ 42. Kxf5 Rxc4 $11 43. Rxa6
Rh4 44. Ra8+ Kf7 45. Rb8 Rh1 46. Rb7+ Kf8 47. Rxb4 Kf7 48. Rb7+ Kf8 49. Rb5 Kf7
50. Rb7+ Kf8 51. Rb8+ Kf7 52. Rh8 Rf1+ 53. Ke4 Rh1 54. Kf3 Rh5 55. Kf4 Rh1
1/2-1/2